|
|
|
|
| LEADER |
00000nam0a2200000 4500 |
| 001 |
306803 |
| 005 |
20231102001930.0 |
| 020 |
|
|
|a RU
|b 83-67517
|
| 035 |
|
|
|a (RuTPU)RU\TPU\book\332080
|
| 090 |
|
|
|a 306803
|
| 100 |
|
|
|a 20151012d1983 km y0rusy5003 ca
|
| 101 |
0 |
|
|a rus
|
| 102 |
|
|
|a BY
|
| 105 |
|
|
|a a z 001zy
|
| 200 |
1 |
|
|a Разрушение металлов при пластическом деформировании
|f С. М. Красневский, Е. М. Макушок, В. Я. Щукин
|g Академия наук Белорусской ССР (АН БССР), Физико-технический институт (ФТИ) ; под ред. А. В. Степаненко
|
| 210 |
|
|
|a Минск
|c Наука и техника
|d 1983
|
| 215 |
|
|
|a 173 с.
|c ил.
|
| 320 |
|
|
|a Библиогр.: с. 164-170
|
| 606 |
1 |
|
|a Металлообработка давлением
|x Расчеты
|x Формоизменение
|2 stltpush
|3 (RuTPU)RU\TPU\subj\42506
|9 62171
|
| 610 |
1 |
|
|a деформация пластическая
|
| 610 |
1 |
|
|a разрушение
|
| 610 |
1 |
|
|a металлы
|
| 610 |
1 |
|
|a напряженно-деформируемое состояние
|
| 610 |
1 |
|
|a сплавы
|
| 610 |
1 |
|
|a феноменологический подход
|
| 610 |
1 |
|
|a предельная пластичность
|
| 610 |
1 |
|
|a поперечная прокатка
|
| 610 |
1 |
|
|a клиновая прокатка
|
| 610 |
1 |
|
|a заготовки
|
| 675 |
|
|
|a 621.73.011
|z rus
|v 3
|
| 700 |
|
1 |
|a Красневский
|b С. М.
|4 070
|
| 701 |
|
1 |
|a Макушок
|b Е. М.
|
| 701 |
|
1 |
|a Щукин
|b В. Я.
|
| 702 |
|
1 |
|a Степаненко
|b А. В.
|4 340
|
| 712 |
0 |
2 |
|a Академия наук Белорусской ССР (АН БССР)
|b Физико-технический институт (ФТИ)
|c (Минск)
|2 stltpush
|3 (RuTPU)RU\TPU\col\12058
|
| 801 |
|
0 |
|a RU
|b RuMRKP
|c 19950704
|g psbo
|
| 801 |
|
1 |
|a RU
|b 63413507
|c 20151012
|
| 801 |
|
2 |
|a RU
|b 63413507
|c 20190715
|g RCR
|
| 942 |
|
|
|c BK
|